| 000 | 00359nam a22001217a 4500 | ||
|---|---|---|---|
| 082 | _a621.8 OBE'M | ||
| 100 |
_aOBERG, ERICK JONES, F.D _960656 |
||
| 245 | _aMACHINERY HANDBOOK VOL-2, A REFERENCE BOOK FOR THE MECHANICAL ENGINEER'S DRAFTSMAN TOOLMAKER AND MACHINIST | ||
| 250 | _a16TH | ||
| 260 |
_aENGLAND _bINDUSTRIAL _c1962 |
||
| 300 | _a2104P | ||
| 942 | _cBK | ||
| 999 |
_c570337 _d570337 |
||